000 01024cam a2200277 a 4500
003 OSt
005 20210818181830.0
008 161129q2002 sp a|||jr|||| 001 1dspa d
020 _a843920938X
040 _bspa
041 _aspa
_hfre
082 0 4 _a843.8
_bV531v
100 1 _94892
_aVerne, Julio,
_d1828-1905
245 1 0 _aLa vuelta al mundo en ochenta días
_cJulio Verne ; traducción Armando Ramos García ; ilustraciones David de Ramón
260 _aMadrid
_bEdiciones Gaviota, S. L.
_c2002
300 _a187 páginas,
_bilustraciones,
_c25 centímetros
490 _aBiblioteca universal de clásicos juveniles
500 _aIncluye índice
534 _pTitulo original:
_tLe tour du monde en 80 jours
650 0 _924839
_aNovela Francesa
650 0 _921332
_aLiteratura Francesa
650 0 _939168
_aHistorias de Aventuras
700 _951491
_aRamos García, Armando
_etraductor
700 _951492
_aRamón, David de
_eilustrador
942 _2ddc
_h843.8 V531v
_k843.8
_mV531v
999 _c12755
_d12755